<?xml version="1.0" encoding="UTF-8"?>
<record
    xmlns:xsi="http://www.w3.org/2001/XMLSchema-instance"
    xsi:schemaLocation="http://www.loc.gov/MARC21/slim http://www.loc.gov/standards/marcxml/schema/MARC21slim.xsd"
    xmlns="http://www.loc.gov/MARC21/slim">

  <leader>01061nam a2200265 a 4500</leader>
  <controlfield tag="001">000026155</controlfield>
  <controlfield tag="003">DO-SdBNP</controlfield>
  <controlfield tag="005">20240308073618.0</controlfield>
  <controlfield tag="007">ta</controlfield>
  <controlfield tag="008">110303s1998    dr      r     000 0 spa d</controlfield>
  <datafield tag="040" ind1=" " ind2=" ">
    <subfield code="a">DO-SdBNP</subfield>
    <subfield code="b">spa</subfield>
    <subfield code="c">BNPHU</subfield>
  </datafield>
  <datafield tag="082" ind1=" " ind2=" ">
    <subfield code="a">021.7</subfield>
    <subfield code="b">F356s, 2008</subfield>
  </datafield>
  <datafield tag="111" ind1="2" ind2=" ">
    <subfield code="a">Feria Internacional del Libro</subfield>
    <subfield code="n">(1&#xAA; :</subfield>
    <subfield code="d">1998 : 23 abril al 3 mayo :</subfield>
    <subfield code="c">Santo Domingo)</subfield>
    <subfield code="9">53138</subfield>
  </datafield>
  <datafield tag="245" ind1="1" ind2="0">
    <subfield code="a">I Feria Internacional del Libro Santo Domingo, 1998 :</subfield>
    <subfield code="b">programa  general /</subfield>
  </datafield>
  <datafield tag="246" ind1="1" ind2="3">
    <subfield code="a">Primera Feria Internacional del Libro Santo Domingo</subfield>
  </datafield>
  <datafield tag="260" ind1=" " ind2=" ">
    <subfield code="a">Santo Domingo :</subfield>
    <subfield code="b">Comisi&#xF3;n Permanente de la Feria Nacional del Libro,</subfield>
    <subfield code="c">1998.</subfield>
  </datafield>
  <datafield tag="300" ind1=" " ind2=" ">
    <subfield code="a">39 p. ;</subfield>
    <subfield code="c">22 cm.</subfield>
  </datafield>
  <datafield tag="590" ind1=" " ind2=" ">
    <subfield code="a">Inventariado, 2022 / DG</subfield>
  </datafield>
  <datafield tag="611" ind1="2" ind2="4">
    <subfield code="a">FERIA INTERNACIONAL DEL LIBRO</subfield>
    <subfield code="n">(8&#xAA; :</subfield>
    <subfield code="d">2005 :</subfield>
    <subfield code="c">SANTO DOMINGO, REP&#xDA;BLICA DOMINICANA)</subfield>
    <subfield code="x">PROGRAMAS</subfield>
    <subfield code="9">53139</subfield>
  </datafield>
  <datafield tag="650" ind1=" " ind2="4">
    <subfield code="a">Feria del libro</subfield>
    <subfield code="z">Rep&#xFA;blica Dominicana</subfield>
    <subfield code="x">Programas</subfield>
    <subfield code="y">1998</subfield>
    <subfield code="9">53140</subfield>
  </datafield>
  <datafield tag="650" ind1=" " ind2="4">
    <subfield code="a">Industria del libro</subfield>
    <subfield code="z">Rep&#xFA;blica Dominicana</subfield>
    <subfield code="9">53136</subfield>
  </datafield>
  <datafield tag="700" ind1="1" ind2=" ">
    <subfield code="a">Deive, Carlos Esteban,</subfield>
    <subfield code="d">1935-2019</subfield>
    <subfield code="9">1916</subfield>
  </datafield>
  <datafield tag="910" ind1=" " ind2=" ">
    <subfield code="a">DG</subfield>
  </datafield>
  <datafield tag="942" ind1=" " ind2=" ">
    <subfield code="2">ddc</subfield>
    <subfield code="c">LF2</subfield>
  </datafield>
  <datafield tag="952" ind1=" " ind2=" ">
    <subfield code="0">0</subfield>
    <subfield code="1">0</subfield>
    <subfield code="2">ddc</subfield>
    <subfield code="5">1</subfield>
    <subfield code="7">0</subfield>
    <subfield code="8">PD-F</subfield>
    <subfield code="a">BNPHU</subfield>
    <subfield code="b">BNPHU</subfield>
    <subfield code="c">CT</subfield>
    <subfield code="d">2022-09-23</subfield>
    <subfield code="o">BNPHU PD 021.7 F356s, 2008</subfield>
    <subfield code="p">2022-4052</subfield>
    <subfield code="r">2022-09-23</subfield>
    <subfield code="w">2022-09-23</subfield>
    <subfield code="y">LF2</subfield>
  </datafield>
  <datafield tag="999" ind1=" " ind2=" ">
    <subfield code="c">52452</subfield>
    <subfield code="d">52452</subfield>
  </datafield>
</record>
